000
00300nam a2200133Ia 4500
008
190216s9999||||xx |||||||||||||| ||und||
100
_a
Ray. M
245
2
_a
A Text Book On Dynamics
250
_a
10th Ed.
260
_b
Sulthan Chand &co
_c
1977
300
_a
318p
650
_a
Physics
942
_c
BK
999
_c
32819
_d
32819